[Event "Ostrava Seniors op"]
[Site "Ostrava"]
[Date "2014.05.01"]
[Round "6"]
[White "Kostal, Otakar"]
[Black "Jancalek, Jan"]
[Result "1-0"]
[WhiteElo "2008"]
[BlackElo "1783"]
[PlyCount "103"]
[EventDate "2014.04.26"]
[EventType "swiss"]
[EventRounds "9"]
[EventCountry "CZE"]
[SourceTitle "CBM 160 Extra"]
[Source "ChessBase"]
[SourceDate "2014.07.01"]
[SourceVersion "1"]
[SourceVersionDate "2014.07.01"]
[SourceQuality "1"]

1. d4 Nf6 2. Nd2 e6 3. e3 g6 4. Bd3 Bg7 5. f4 Nc6 6. c3 0-0 7. e4 d6 8. Ngf3 a6 9. Nf1 Bd7 10. Bd2 Kh8 11. Qe2 Re8 12. h3 Re7 13. g4 Qe8 14. Ng3 Ng8 15. g5 f5 16. gxf6 Nxf6 17. Qg2 Nd8 18. 0-0-0 c5 19. e5 dxe5 20. fxe5 Ng8 21. dxc5 Bc6 22. Ne4 Nf7 23. Bf4 Ngh6 24. Nd6 Qf8 25. Ne4 Nf5 26. Rhe1 Bh6 27. Qd2 Rd8 28. Bxh6 N5xh6 29. Qe2 Bxe4 30. Bxe4 Nf5 31. Rxd8 Qxd8 32. Qc4 Qc7 33. Bc2 Qc6 34. Nd4 Nxd4 35. cxd4 Rd7 36. Bb3 Ng5 37. Qf1 Qf3 38. h4 Qxf1 39. Rxf1 Ne4 40. Bxe6 Rxd4 41. Rf8+ Kg7 42. Rf7+ Kh6 43. Rc7 Rd8 44. Bc8 Re8 45. e6 a5 46. e7 Kh5 47. Bxb7 Nf6 48. Bc6 Rb8 49. e8Q Nxe8 50. Rxh7+ Kg4 51. Rh8 Rc8 52. Bd7+ 1-0

[Event "Ostrava SMP op"]
[Site "Ostrava"]
[Date "2006.05.07"]
[Round "9"]
[White "Lechner, Miroslav"]
[Black "Kostal, Otakar"]
[Result "0-1"]
[WhiteElo "1753"]
[BlackElo "1899"]
[PlyCount "116"]
[EventDate "2006.04.29"]
[EventType "swiss"]
[EventRounds "9"]
[EventCountry "CZE"]
[SourceTitle "EXT 2008"]
[Source "ChessBase"]
[SourceDate "2007.11.25"]
[SourceVersion "1"]
[SourceVersionDate "2007.11.25"]
[SourceQuality "1"]

1. d4 Nf6 2. c4 g6 3. Nc3 d5 4. cxd5 Nxd5 5. e4 Nxc3 6. bxc3 Bg7 7. Bc4 0-0 8. Ne2 c5 9. Be3 cxd4 10. cxd4 Nc6 11. 0-0 Na5 12. Bd3 b6 13. Rc1 Bb7 14. Qd2 Qd7 15. Bh6 Bxh6 16. Qxh6 Rac8 17. h4 Rxc1 18. Rxc1 Rc8 19. Rxc8+ Qxc8 20. h5 Qg4 21. hxg6 hxg6 22. f3 Qe6 23. d5 Qe5 24. Qc1 e6 25. Qc3 Qxc3 26. Nxc3 exd5 27. Nxd5 Kg7 28. Kf2 Bxd5 29. exd5 Kf6 30. f4 Ke7 31. Ke3 Kd6 32. Ke4 Nb7 33. Kd4 Nc5 34. Bb5 f6 35. Be8 g5 36. fxg5 fxg5 37. g3 a6 38. a4 Nd7 39. Kc4 Nf6 40. Bf7 Ne4 41. g4 Ke5 42. Be6 Nd6+ 43. Kd3 Ne8 44. Bf7 Nf6 45. Be6 Nxd5 46. Bc8 Nc7 47. Kc4 b5+ 48. axb5 axb5+ 49. Kc5 Ne8 50. Bd7 Nf6 51. Bxb5 Nxg4 52. Bc6 Kf4 53. Kd4 Ne5 54. Bb7 g4 55. Bd5 Nf3+ 56. Kd3 g3 57. Ke2 g2 58. Bxf3 g1Q 0-1

[Event "Ostrava SMP op"]
[Site "Ostrava"]
[Date "2006.05.05"]
[Round "7"]
[White "Cubok, Milan"]
[Black "Kostal, Otakar"]
[Result "1-0"]
[WhiteElo "1839"]
[BlackElo "1899"]
[PlyCount "75"]
[EventDate "2006.04.29"]
[EventType "swiss"]
[EventRounds "9"]
[EventCountry "CZE"]
[SourceTitle "EXT 2008"]
[Source "ChessBase"]
[SourceDate "2007.11.25"]
[SourceVersion "1"]
[SourceVersionDate "2007.11.25"]
[SourceQuality "1"]

1. d4 Nf6 2. c4 g6 3. Nc3 d5 4. cxd5 Nxd5 5. e4 Nxc3 6. bxc3 Bg7 7. Bc4 c5 8. Ne2 cxd4 9. cxd4 Nc6 10. Be3 0-0 11. 0-0 Na5 12. Bd3 Nc6 13. Bc2 e6 14. Rb1 Na5 15. Bd3 Nc6 16. Bb5 Ne7 17. Qd2 a6 18. Bc4 b5 19. Bb3 Bb7 20. f3 Rc8 21. Bg5 Qd7 22. Rfd1 Rfd8 23. h4 h5 24. Rbc1 Rxc1 25. Rxc1 Rc8 26. Rd1 Kh7 27. Kf2 Nc6 28. Bc2 a5 29. e5 Nb4 30. Bb1 Qc7 31. Ng3 Qb6 32. Nxh5 Bxe5 33. Nf6+ Bxf6 34. Bxf6 Nd5 35. Be5 Nc3 36. Qg5 Nxd1+ 37. Ke1 f5 38. Qe7+ 1-0

[Event "Ostrava SMP op"]
[Site "Ostrava"]
[Date "2006.04.29"]
[Round "1"]
[White "Kudla, Richard"]
[Black "Kostal, Otakar"]
[Result "0-1"]
[WhiteElo "1598"]
[BlackElo "1899"]
[PlyCount "100"]
[EventDate "2006.04.29"]
[EventType "swiss"]
[EventRounds "9"]
[EventCountry "CZE"]
[SourceTitle "EXT 2008"]
[Source "ChessBase"]
[SourceDate "2007.11.25"]
[SourceVersion "1"]
[SourceVersionDate "2007.11.25"]
[SourceQuality "1"]

1. e4 d5 2. exd5 Qxd5 3. Nc3 Qa5 4. Bc4 Nf6 5. h3 Nbd7 6. d3 c6 7. Nf3 b5 8. Bb3 Nc5 9. Bf4 Nxb3 10. axb3 Qb6 11. 0-0 e6 12. Nd2 Be7 13. Nde4 0-0 14. Qf3 Bd7 15. Nxf6+ Bxf6 16. Qg3 Rfe8 17. Rae1 Bxc3 18. bxc3 f6 19. Bh6 Re7 20. Qd6 Rae8 21. Be3 Qb7 22. Ra1 a6 23. Ra5 Bc8 24. Rfa1 Qd7 25. Qxd7 Rxd7 26. c4 e5 27. cxb5 cxb5 28. Rd1 f5 29. c4 f4 30. Bc1 bxc4 31. bxc4 Bb7 32. Re1 f3 33. gxf3 Rxd3 34. Be3 Re6 35. c5 Bxf3 36. c6 Bxc6 37. Rxa6 Rg6+ 38. Kh2 Rc3 39. Rg1 Rxg1 40. Kxg1 Bf3 41. Ra5 e4 42. Ra7 Rc6 43. Ra8+ Kf7 44. Ra7+ Kg6 45. Bd4 Rc1+ 46. Kh2 Rh1+ 47. Kg3 Rg1+ 48. Kf4 Kh6 49. Be3 Kh5 50. Ke5 Kh4 0-1

[Event "CZE-chT2f 0506"]
[Site "Czech Republic"]
[Date "2005.12.18"]
[Round "5.7"]
[White "Olsar, Zdenek"]
[Black "Kostal, Otakar"]
[Result "1/2-1/2"]
[WhiteElo "2074"]
[BlackElo "2048"]
[PlyCount "42"]
[EventDate "2005.10.16"]
[EventType "team-tourn"]
[EventRounds "11"]
[EventCountry "CZE"]
[SourceTitle "EXT 2009"]
[Source "ChessBase"]
[SourceDate "2008.11.26"]
[SourceVersion "1"]
[SourceVersionDate "2008.11.26"]
[SourceQuality "1"]

1. e4 d5 2. exd5 Qxd5 3. Nc3 Qa5 4. d4 c6 5. Nf3 Nf6 6. Ne5 Nbd7 7. Nc4 Qc7 8. Be2 b5 9. Ne3 b4 10. Na4 e5 11. dxe5 Nxe5 12. 0-0 Be6 13. c4 Rd8 14. Qc2 c5 15. b3 Bd6 16. h3 0-0 17. Bb2 Ng6 18. Bxf6 gxf6 19. Bg4 Be5 20. Rad1 Bd4 21. Nf5 Bxf5 1/2-1/2

[Event "Ostrava SME op-B"]
[Site "Ostrava"]
[Date "2005.05.08"]
[Round "9"]
[White "Kostal, Otakar"]
[Black "Novak, Borivoj"]
[Result "0-1"]
[WhiteElo "1875"]
[BlackElo "1805"]
[PlyCount "46"]
[EventDate "2005.04.30"]
[EventType "swiss"]
[EventRounds "9"]
[EventCountry "CZE"]
[SourceTitle "EXT 2007"]
[Source "ChessBase"]
[SourceDate "2006.11.23"]
[SourceVersion "1"]
[SourceVersionDate "2006.11.23"]
[SourceQuality "1"]

1. d4 Nf6 2. Nf3 g6 3. Bg5 Bg7 4. Nc3 d5 5. e3 0-0 6. Bd3 Bg4 7. h3 Bxf3 8. Qxf3 c6 9. Ne2 Nbd7 10. Bxf6 Bxf6 11. c3 e5 12. e4 exd4 13. cxd4 Qa5+ 14. Kf1 dxe4 15. Bxe4 Rad8 16. g4 Bg7 17. Kg2 Nf6 18. Rhd1 Nxe4 19. Qxe4 Rfe8 20. Qc2 Qd5+ 21. Kg1 Qf3 22. Ng3 Bxd4 23. Rd2 Qxg3+ 0-1

[Event "Ostrava SME op-B"]
[Site "Ostrava"]
[Date "2005.05.03"]
[Round "4"]
[White "Trapl, Dalibor"]
[Black "Kostal, Otakar"]
[Result "0-1"]
[WhiteElo "1715"]
[BlackElo "1875"]
[PlyCount "48"]
[EventDate "2005.04.30"]
[EventType "swiss"]
[EventRounds "9"]
[EventCountry "CZE"]
[SourceTitle "EXT 2007"]
[Source "ChessBase"]
[SourceDate "2006.11.23"]
[SourceVersion "1"]
[SourceVersionDate "2006.11.23"]
[SourceQuality "1"]

1. d4 Nf6 2. c4 g6 3. Nc3 d5 4. Qb3 dxc4 5. Qxc4 Bg7 6. Bd2 0-0 7. e3 b6 8. Be2 Ba6 9. Qb3 Bxe2 10. Ngxe2 Nbd7 11. 0-0 c5 12. Rac1 Rc8 13. Nb5 a6 14. Na3 b5 15. dxc5 Nxc5 16. Qc2 Nd3 17. Qxc8 Qxc8 18. Rxc8 Rxc8 19. b3 Ne4 20. Bc1 Nb4 21. f3 Nd6 22. Nd4 Nxa2 23. Bb2 Nc3 24. Rc1 Bxd4 0-1

[Event "MOR-chT2N 0203"]
[Site "Moravia"]
[Date "2003.01.26"]
[Round "7"]
[White "Kostal, Otakar"]
[Black "Kubos, Rostislav"]
[Result "0-1"]
[WhiteElo "2123"]
[BlackElo "2179"]
[PlyCount "141"]
[EventDate "2002.10.??"]
[EventType "team-tourn"]
[EventRounds "11"]
[EventCountry "CZE"]
[SourceTitle "EXT 2006"]
[Source "ChessBase"]
[SourceDate "2005.11.24"]
[SourceVersion "1"]
[SourceVersionDate "2005.11.24"]
[SourceQuality "1"]

1. d4 Nf6 2. Bg5 c5 3. d5 Ne4 4. Bc1 d6 5. f3 Nf6 6. e4 g6 7. Bb5+ Bd7 8. Bxd7+ Nbxd7 9. Nc3 Bg7 10. Nge2 0-0 11. 0-0 a6 12. a4 Ne8 13. a5 Nc7 14. Bd2 Nb5 15. Ra2 b6 16. axb6 Nxb6 17. b3 e6 18. dxe6 fxe6 19. Nxb5 axb5 20. Rxa8 Qxa8 21. Bc3 Bxc3 22. Nxc3 Qc6 23. Qd2 b4 24. Ne2 d5 25. e5 Na8 26. Ra1 Nc7 27. h3 Nb5 28. Kh1 Ra8 29. Rxa8+ Qxa8 30. Qg5 Qf8 31. Ng3 Nd4 32. Nh5 Nxc2 33. Nf6+ Kg7 34. Nd7 Qf7 35. Nxc5 Nd4 36. Qd2 Nc6 37. Nd3 Qf5 38. Nxb4 Nxe5 39. Qd4 Kh6 40. Qh4+ Kg7 41. Qd4 Kg8 42. f4 Nf3 43. gxf3 Qxh3+ 44. Kg1 Qg3+ 45. Kh1 Qh3+ 46. Kg1 Qg3+ 47. Kh1 Qxf3+ 48. Kg1 Qg3+ 49. Kf1 Qxb3 50. Qb6 Qf3+ 51. Ke1 Qe4+ 52. Kd1 h5 53. Qd6 h4 54. Nc6 Qd3+ 55. Kc1 Qc3+ 56. Kb1 Qf6 57. Qb8+ Kg7 58. Qa7+ Kh6 59. Qe3 Qf5+ 60. Kb2 Qe4 61. Qf2 Kh5 62. Ne5 h3 63. Ka3 d4 64. Qf1 Qg2 65. Qd1+ Kh4 66. Qxd4 h2 67. f5+ Kh3 68. Nxg6 Qg3+ 69. Kb2 h1Q 70. Nf4+ Qxf4 71. Qxf4 0-1

[Event "Ostrava op"]
[Site "Ostrava"]
[Date "1998.??.??"]
[Round "?"]
[White "Kostal, Otakar"]
[Black "Potomak, Vladimir"]
[Result "1/2-1/2"]
[WhiteElo "2015"]
[BlackElo "2215"]
[PlyCount "79"]
[EventDate "1998.??.??"]
[EventType "swiss"]
[EventRounds "10"]
[EventCountry "CZE"]
[SourceTitle "EXT 2006"]
[Source "ChessBase"]
[SourceDate "2005.11.24"]
[SourceVersion "1"]
[SourceVersionDate "2005.11.24"]
[SourceQuality "1"]

1. Nf3 Nf6 2. g3 g6 3. Bg2 Bg7 4. 0-0 0-0 5. b3 d6 6. Bb2 Nbd7 7. d3 e5 8. Nbd2 Nh5 9. d4 exd4 10. Bxd4 Nhf6 11. c4 Re8 12. Re1 Nc5 13. Qc2 Bf5 14. Qb2 a5 15. a3 Bd7 16. b4 Na4 17. Qb3 c5 18. bxc5 Nxc5 19. Qb2 Bc6 20. Rab1 Na4 21. Qa1 Nc5 22. Qb2 Ne6 23. Bc3 Nd7 24. Bxg7 Nxg7 25. Nd4 Bxg2 26. Kxg2 Nc5 27. Qb6 Nge6 28. N2f3 Qf6 29. Qb2 Rad8 30. Nb3 Qxb2 31. Rxb2 a4 32. Nbd4 Nxd4 33. Nxd4 Nd3 34. exd3 Rxe1 35. Rxb7 Ra1 36. Nb5 Rc8 37. Re7 d5 38. c5 d4 39. c6 Rxc6 40. Na7 1/2-1/2